Administración de Justicia Comunitaria en el Sur Andino Peruano / (Record no. 22781)

000 -CABECERA
fixed length control field 00977nam a22002417i 4500
003 - IDENTIFICADOR DEL NÚMERO DE CONTROL
control field AR-CdUCM
008 - DATOS DE LONGITUD FIJA--INFORMACIÓN GENERAL
fixed length control field 240305b20072007pe ||||| |||| 00| 0 spa d
040 ## - FUENTE DE LA CATALOGACIÓN
Agencia/entidad que catalogó originalmente la obra MUNICIPALIDAD PROVINCIAL DEL CUSCO
Entidad que transcribió la catalogación BIBLIOTECA MUNICIPAL DEL CUSCO
082 ## - NÚMERO DE LA CLASIFICACIÓN DECIMAL DEWEY
No. de Clasificación 349.853 / T52
Notacion interna T52
100 ## - ENTRADA PRINCIPAL--NOMBRE DE PERSONA
Nombre Personal Ticona Huamán, Jacinto
245 ## - MENCIÓN DE TÍTULO
Título Administración de Justicia Comunitaria en el Sur Andino Peruano /
260 ## - PUBLICACIÓN, DISTRIBUCIÓN, ETC.
Lugar de publicación, distribución, etc. Sicuani-Cusco :
Fecha de publicación, distribución, etc. 2007
300 ## - DESCRIPCIÓN FÍSICA
Nº de Páginas Extensión 52 páginas. :
Dimensiones 21 cm.
500 ## - NOTA GENERAL
Bibliografía Bibliografía: página 52
505 ## - NOTA DE CONTENIDO CON FORMATO
Nota de contenido formateada Rondas campesinas -- Derechos de las Rondas Campesinas -- Implementos que utilizan -- Límites de la justicia comunitaria -- Usos y costumbres de la Cultura Andina -- Autodefensas Comunales.
650 ## - PUNTO DE ACCESO ADICIONAL DE MATERIA--TÉRMINO DE MATERIA
Descriptor Acceso a la justicia
9 (RLIN) 49421
650 ## - PUNTO DE ACCESO ADICIONAL DE MATERIA--TÉRMINO DE MATERIA
Descriptor Rondas campesinas
9 (RLIN) 38093
650 ## - PUNTO DE ACCESO ADICIONAL DE MATERIA--TÉRMINO DE MATERIA
Descriptor Tipos de rondas
9 (RLIN) 49422
650 ## - PUNTO DE ACCESO ADICIONAL DE MATERIA--TÉRMINO DE MATERIA
Descriptor Límites y funciones de las rondas campesinas
9 (RLIN) 49423
942 ## - ELEMENTOS DE PUNTO DE ACCESO ADICIONAL (KOHA)
Fuente de clasificación
Tipo de item Libros-BMC
945 ## - PROCESAMIENTO DE INFORMACIÓN LOCAL (OCLC)
Catalogador pbj
AAAA-MM-DD - Fecha de ingreso o modificacion 05-03-2024
Holdings
Estado de retiro (separado) Fuente de clasificación o esquema de estanterías Estado dañado Ubicación Sala donde se ubica Nombre de la colección Fecha de adquisición o compra Fuente de adquisición Costo, precio normal en soles Signatura topográfica Código de Barras Última vez visto (Koha) Tipo de ítem (Koha)
No     Sala Humanidades Sala Humanidades Book Cart 2024-03-05 Depósito Legal 10.00 349.853 / T52 SH0000016601 2024-03-05 Libros-BMC

Powered by Koha